| 000 | 00726nam a2200253 a 4500 | ||
|---|---|---|---|
| 001 | 73530 | ||
| 003 | BD-RjUL | ||
| 005 | 20211209082416.0 | ||
| 008 | 170603r19571956xx a 001 0 eng u | ||
| 035 | _a(BD-RjUL)73748 | ||
| 040 |
_cSMI _dEQO _aBD-RjUL _beng |
||
| 041 | _aeng | ||
| 082 |
_a621.384 _223 _bNIR 1957 |
||
| 100 | 1 |
_aNichols, Myron Hiram, _d1915- _9217557 |
|
| 245 | 1 | 0 |
_aRadio telemetry / _cMyron H. Nichols and Lawrence I. Rauch. |
| 250 | _a2d ed. | ||
| 260 |
_aNew York : _bJ. Wiley, _cc1956, [ second printing 1957] |
||
| 300 |
_a461 p. : _bill. ; _c24 cm. |
||
| 650 | 0 |
_aRadio _9217558 |
|
| 650 | 0 |
_aAeronautics _9217559 |
|
| 650 | 0 |
_aTelemeter _943257 |
|
| 700 | 1 |
_aRauch, L. L. _9217560 |
|
| 942 |
_2ddc _cBK |
||
| 999 |
_c73530 _d73530 |
||